00317nam a2200121Ia 4500008004100000041000800041082001500049100002500064245003500089260002800124300003200152365001100184240624s9999 xx 000 0 und d aeng a658.15 SAR aSARAVANAN PALANISAMY aSTRATEGIC FINANCIAL MANAGEMENT c2014aNew DelhibOxford axxvi, : 375 : p. : cm. ; 26 cRSb31